LEADER 01939nam 2200481Ia 450 001 9910700235503321 005 20110706140053.0 035 $a(CKB)5470000002408623 035 $a(OCoLC)739114033 035 $a(EXLCZ)995470000002408623 100 $a20110706d2011 ua 0 101 0 $aeng 135 $aurcn||||||||| 181 $ctxt$2rdacontent 182 $cc$2rdamedia 183 $acr$2rdacarrier 200 14$aThe FireBGCv2 landscape fire succession model$b[electronic resource] $ea research simulation platform for exploring fire and vegetation dynamics /$fRobert Keane, Rachel A. Loehman, Lisa M. Holsinger 210 1$aFort Collins, CO :$cU.S. Dept. of Agriculture, Forest Service, Rocky Mountain Research Station,$d[2011] 215 $a1 online resource (iii, 137 pages) $ccolor illustrations, color maps 225 1 $aGeneral technical report RMRS ;$vGTR-255 300 $aTitle from title screen (viewed on July 6, 2011). 300 $a"March 2011." 300 $a"Joint Fire Science Program." 320 $aIncludes bibliographical references (pages 114-126). 517 $aFireBGCv2 landscape fire succession model 606 $aWildfire forecasting$xComputer simulation 606 $aWildfire forecasting$xComputer programs 606 $aVegetation dynamics$xComputer simulation 615 0$aWildfire forecasting$xComputer simulation. 615 0$aWildfire forecasting$xComputer programs. 615 0$aVegetation dynamics$xComputer simulation. 700 $aKeane$b Robert E$01058744 701 $aLoehman$b Rachel A$01403052 701 $aHolsinger$b Lisa M$01402629 712 02$aRocky Mountain Research Station (Fort Collins, Colo.) 712 02$aJoint Fire Science Program (U.S.) 801 0$bGPO 801 1$bGPO 801 2$bGPO 906 $aBOOK 912 $a9910700235503321 996 $aThe FireBGCv2 landscape fire succession model$93476390 997 $aUNINA LEADER 01413nam2 22003253i 450 001 TO00357391 005 20231121125837.0 100 $a19960801d1967 ||||0itac50 ba 101 | $aita 102 $ait 181 1$6z01$ai $bxxxe 182 1$6z01$an 200 1 $a˜2: œTesto$fGiorgio Vasari 210 $aFirenze$cSansoni$dstampa 1967 215 $a686 p.$cill.$d27 cm 300 $aPrima parte delle vite 300 $aEd. di 2000 esemplari. 461 1$1001SBL0077989$12001 $a˜Le œvite de' più eccellenti pittori, scultori e architettori, nelle redazioni del 1550 e 1568$fGiorgio Vasari$gtesto a cura di Rosanna Bettarini$gcommento secolare a cura di Paola Barocchi$v2 700 1$aVasari$b, Giorgio$f <1511-1574>$3CFIV061377$4070$037469 801 3$aIT$bIT-01$c19960801 850 $aIT-RM0290 $aIT-RM0418 $aIT-RM0211 $aIT-FR0017 899 $aBIBLIOTECA ANGELICA$bRM0290 899 $aBIBLIOTECA ACCADEMIA NAZ. DEI LINCEI E CORSINIANA$bRM0418 899 $aFondazione Marco Besso$bRM0211 899 $aBiblioteca umanistica Giorgio Aprea$bFR0017 912 $aTO00357391 950 2$aBiblioteca umanistica Giorgio Aprea$d 52UFF.PREST.VITE DE PIU ECCELLENTI P$e 52FLS0000029755 VMN RS $fA $h20160422$i20160422 977 $a 06$a 10$a 14$a 52 996 $aTesto$91045901 997 $aUNICAS